| 000 | 00751nab a2200217 uc4500 | ||
|---|---|---|---|
| 001 | 314723 | ||
| 005 | 20240201130407.0 | ||
| 008 | 981110e19970315 spa | ||
| 035 | _a314723 | ||
| 035 | _a(OCoLC)819769946 | ||
| 040 | _ccomduadb | ||
| 041 | _aspa | ||
| 100 | 1 | 0 |
_aSierra, Luis M. _4aut _eaut _9288247 |
| 245 | 1 | 0 | _aRelaciones troficas de los juveniles de cinco especies de pargo (Pisces: Lutjanidae) en Cuba |
| 650 |
_aLutianidos _956670 |
||
| 650 |
_aCadenas tróficas (Ecología) _925860 |
||
| 650 |
_aPargo _925861 |
||
| 650 |
_aEnsenada de Punta Arenas (Cuba) _925862 |
||
| 773 | 0 |
_tRevista de Biología Tropical (San José) _gVolumen 45, Número 01B, Marzo 1997, p. 499-506 _w104773 _x0034-7744 _091049 |
|
| 942 | _cARIMP | ||
| 999 |
_c101925 _d101925 |
||